000 00606nam a2200181 a 4500
008 120416s1986 ||||||||||||||||| || u
020 _a0039215709
050 _aHD 31 Gra
100 _aGram, Harold, 1927-
245 1 4 _aThe Canadian manager
246 _aan introduction to management
260 _aToronto
_bHolt, Rinehart & Winston
_c1986
300 _axiii, 606p. : ill.
350 _a0.00
650 0 _aMANAGEMENT
650 _aMANAGEMENT--CANADA
995 _D0.00
_FCBU-MAIN LIBRARY (Kitwe)
_H1
_I25.00
_M1
_UDAMAGED
_ZMain Library Open Access Collection
999 _c36676
_d36676